Ogólna wiedza o Harrym Potterze - Statystyki

Ogólne statystyki
  • Ten quiz został rozwiązany 15 748 razy
    13 630 od ostatniego zresetowania
  • Średni wynik to 30 z 63
Statystyki odpowiedzi
Grupa Odpowiedź % Poprawnych
Główne postacie Harry Potter
100%
Główne postacie Hermiona Granger
98%
Główne postacie Ron Weasley
98%
Rodzina Weasleyów Ron
97%
Horkruksy Harry Potter
96%
Domy Hogwartu Gryffindor
81%
Domy Hogwartu Slytherin
76%
Rodzina Weasleyów Ginny
75%
Rodzina Weasleyów Fred
73%
Zaklęcia niewybaczalne Avada Kedavra
72%
Rodzina Weasleyów George
72%
Zaklęcia niewybaczalne Crucio
68%
Domy Hogwartu Hufflepuff
66%
Książki Harrego Pottera Kamień Filozoficzny
66%
Insygnia śmierci Peleryna Niewidka
65%
Domy Hogwartu Ravenclaw
64%
Książki Harrego Pottera Insygnia Śmierci
63%
Książki Harrego Pottera Komnata Tajemnic
63%
Insygnia śmierci Czarna Różdżka
62%
Książki Harrego Pottera Czara Ognia
61%
Książki Harrego Pottera Więzień Azkabanu
60%
Książki Harrego Pottera Książę Półkrwi
59%
Rodzina Weasleyów Molly
58%
Książki Harrego Pottera Zakon Feniksa
58%
Pozycje w Quidditchu Szukający
57%
Piłki Quidditcha Złoty znicz
55%
Insygnia śmierci Kamień Wskrzeszenia
54%
Horkruksy Nagini
54%
Rodzina Weasleyów Artur
53%
Dyrektorzy Hogwartu Albus Dumbledore
51%
Przedmioty w Hogwarcie Obrona przed czarną magią
51%
Rodzina Weasleyów Percy
50%
Przedmioty w Hogwarcie Eliksiry
49%
Pozycje w Quidditchu Obrońca
49%
Rodzina Weasleyów Bill
48%
Piłki Quidditcha Tłuczek
48%
Zaklęcia niewybaczalne Imperio 
47%
Dyrektorzy Hogwartu Severus Snape
43%
Pozycje w Quidditchu Pałkarz
42%
Rodzina Weasleyów Charlie
41%
Książki Harrego Pottera Przeklęte Dziecko
41%
Piłki Quidditcha Kafel
35%
Przedmioty w Hogwarcie Zielarstwo
34%
Przedmioty w Hogwarcie Wróżbiarstwo
33%
Przedmioty w Hogwarcie Transmutacja
28%
Pozycje w Quidditchu Ścigający
26%
Horkruksy Dziennik Toma Riddle'a
23%
Horkruksy Diadem Roweny Ravenclaw
20%
Przedmioty w Hogwarcie Latanie
20%
Dyrektorzy Hogwartu Dolores Umbridge
18%
Dyrektorzy Hogwartu Minerwa McGonagall
18%
Przedmioty w Hogwarcie Historia magii
17%
Przedmioty w Hogwarcie Opieka nad magicznymi stworzeniami
16%
Horkruksy Puchar Helgi Hufflepuff
15%
Przedmioty w Hogwarcie Astronomia
14%
Horkruksy Medalion Salazara Slytherina
13%
Przedmioty w Hogwarcie Numerologia
13%
Przedmioty w Hogwarcie Starożytne runy
13%
Przedmioty w Hogwarcie Mugoloznawstwo
11%
Horkruksy Pierścień Marvolo Gaunta
9%
Przedmioty w Hogwarcie Zaklęcia i uroki
9%
Dyrektorzy Hogwartu Armando Dippet
8%
Przedmioty w Hogwarcie Teleportacja
4%
Nie znaleziono quizów pasujących do podanych kryteriów
Rozkład punktacji
Procent ludzi z każdym wynikiem
Percentyl według liczby udzielonych odpowiedzi
Twoja historia wyników
Nie rozwiązałeś tego quizu od ostatniego zresetowania